CUERPO, SEXUALIDAD Y SOCIALIZACION (Registro nro. 59431)
[ vista simple ]
| 000 -LEADER | |
|---|---|
| fixed length control field | 00832nam a2200205 a 4500 |
| 001 - CONTROL NUMBER | |
| control field | 59431 |
| 005 - DATE AND TIME OF LATEST TRANSACTION | |
| control field | 20180714060356.0 |
| 008 - FIXED-LENGTH DATA ELEMENTS--GENERAL INFORMATION | |
| fixed length control field | 140415s2007 ag 000 0 spa d |
| 020 ## - INTERNATIONAL STANDARD BOOK NUMBER | |
| International Standard Book Number | 9789875381988 |
| 041 ## - LANGUAGE CODE | |
| Language code of text/sound track or separate title | spa |
| 082 ## - DEWEY DECIMAL CLASSIFICATION NUMBER | |
| Classification number | 612.6 |
| Item number | VIL |
| 100 1# - MAIN ENTRY--PERSONAL NAME | |
| Personal name | VILLA, ALEJANDRO |
| 245 10 - TITLE STATEMENT | |
| Title | CUERPO, SEXUALIDAD Y SOCIALIZACION |
| 250 ## - EDITION STATEMENT | |
| Edition statement | 1a ed. |
| 260 ## - PUBLICATION, DISTRIBUTION, ETC. | |
| Place of publication, distribution, etc. | ARGENTINA : |
| Name of publisher, distributor, etc. | NOVEDADES EDUCATIVAS, |
| Date of publication, distribution, etc. | 2007 |
| 300 ## - PHYSICAL DESCRIPTION | |
| Extent | 166 |
| Dimensions | 15.5 x 2.8 x 22.5 |
| 520 ## - SUMMARY, ETC. | |
| Summary, etc. | ESTA OBRA PROPONE NUEVOS ENFOQUES DE INVESTIGACIÓN EN SALUD REPRODUCTIVA, SEXUALIDAD, RELACIONES DE GÉNERO Y DE GENERACIÓN. ANALIZA LAS PRÁCTICAS EN LAS ESCUELAS, TRANSMITIENDO EXPERIENCIAS DE IMPLEMENTACIÓN DE PROGRAMAS DE INTERVENCIÓN Y CAPACITACIÓN. |
| 650 14 - SUBJECT ADDED ENTRY--TOPICAL TERM | |
| Topical term or geographic name entry element | SEXUALIDAD |
| General subdivision | REPRODUCCION |
| -- | SALUD |
| 740 ## - ADDED ENTRY--UNCONTROLLED RELATED/ANALYTICAL TITLE | |
| Uncontrolled related/analytical title | CUERPO, SEXUALIDAD Y SOCIALIZACION: |
| Withdrawn status | Lost status | Source of classification or shelving scheme | Damaged status | Not for loan | Collection code | Home library | Current library | Shelving location | Date acquired | Source of acquisition | Inventory number | Total Checkouts | Full call number | Barcode | Date last seen | Date last checked out | Price effective from | Koha item type |
|---|---|---|---|---|---|---|---|---|---|---|---|---|---|---|---|---|---|---|
| Dewey Decimal Classification | General | Biblioteca Karol Wojtyla | Biblioteca Karol Wojtyla | Sala general | 03/12/2013 | Compra | 151000000000000000006681 | 1 | 612.6 VIL | 89788 | 05/01/2026 | 31/01/2019 | 03/12/2013 | Libro |